00594nam a2200169Ia 4500008004100000020001800041041000800059082001600067100002100083245008400104250000600188260003900194300001400233650001700247999001900264952014100283210716s2012 xx 000 0 und d a9788131728604 aeng a574.88 LEAA aLeach, Andrew R. aMolecular modelling: principles and applications.bPrinciples and applications. a2 aNew DelhibPearson Educationc2012 axxiii,744 aBiology(574) c193144d193144 00102ddc40708MCAaAIMITbAIMITeHigginbothams Pvt Ltdg650.00l0o574.88 LEAApMCA12652r2025-07-21 00:00:00v487.50w2021-07-16yBK